00833nam a2200241Ia 4500003000900000008004100009020001900050040001600069080002100085245011500106260003700221300001300258650001800271650004900289650002200338650002200360700002900382700002900411700003200440942000700472999001500479952009700494IN-BaIIA211028s9999 xx 000 0 eng d a0-82433-0911-1 cIIA Library a047.1:52bARA-11 0aAnnual review of astronomy and astrophysicsbvol. 11cedited by Leo Goldberg, David Layzer and John G. Philips aCaliforniabAnnual Reviewsc1973 avii,435p aAstronomy980 aAstronomy and Astrophysics Thesaurus 91143 aAstrophysics9794 aPeriodicals98958 aGoldberg, Leo, ed.94090 aLayzer, David, ed.94091 aPhilips, John G., ed.97607 cBK c5042d5042 00104070aBANbKAVcGENd1976-09-16l0o047.1:52/ ARA-11p5632r2021-11-05w1976-09-16yBK